000
00292nam a2200109Ia 4500
008
171211s9999 xx 000 0 und d
245
_a
Music of the Twentieth Century
245
_c
Ton de Leeuw
260
_c
2006
650
_x
music
856
_u
http://down.ebook777.com/058/9789053567654.pdf
999
_c
348714
_d
348714